Разработка модели теплового процесса электролизера для тренажера оператора АСУ ТП производства фтора; Известия Томского политехнического университета [Известия ТПУ]; Т. 315. № 4: Энергетика
| Parent link: | Известия Томского политехнического университета [Известия ТПУ]/ Томский политехнический университет (ТПУ).— , 2000- Т. 315. № 4: Энергетика.— 2009.— [С. 38-42] |
|---|---|
| Otros Autores: | , , , |
| Sumario: | Заглавие с титульного листа Электронная версия печатной публикации Приводится математическое описание тепловой модели среднетемпературного электролизера (СТЭ-20) для компьютерного тренажера оператора производства фтора. Представлены результаты численного эксперимента, проведенного для оценки качества работы модели в диапазоне значений переменных модели, соответствующему режиму нормальной эксплуатации СТЭ-20. |
| Lenguaje: | ruso |
| Publicado: |
2009
|
| Colección: | Энергетика |
| Materias: | |
| Acceso en línea: | http://www.lib.tpu.ru/fulltext/v/Bulletin_TPU/2009/v315/i4/08.pdf |
| Formato: | Electrónico Capítulo de libro |
| KOHA link: | https://koha.lib.tpu.ru/cgi-bin/koha/opac-detail.pl?biblionumber=177077 |
MARC
| LEADER | 00000nla2a2200000 4500 | ||
|---|---|---|---|
| 001 | 177077 | ||
| 005 | 20231229100333.0 | ||
| 035 | |a (RuTPU)RU\TPU\book\191983 | ||
| 035 | |a RU\TPU\book\191982 | ||
| 090 | |a 177077 | ||
| 100 | |a 20100311d2009 k y0rusy50 ca | ||
| 101 | 0 | |a rus | |
| 102 | |a RU | ||
| 135 | |a drnn ---uucaa | ||
| 181 | 0 | |a i | |
| 182 | 0 | |a b | |
| 200 | 1 | |a Разработка модели теплового процесса электролизера для тренажера оператора АСУ ТП производства фтора |f А. В. Белянин [и др.] | |
| 203 | |a Текст |c электронный | ||
| 215 | |a 1 файл (521 Кб) | ||
| 225 | 1 | |a Энергетика | |
| 300 | |a Заглавие с титульного листа | ||
| 300 | |a Электронная версия печатной публикации | ||
| 320 | |a [Библиогр.: с. 42 (7 назв.)] | ||
| 330 | |a Приводится математическое описание тепловой модели среднетемпературного электролизера (СТЭ-20) для компьютерного тренажера оператора производства фтора. Представлены результаты численного эксперимента, проведенного для оценки качества работы модели в диапазоне значений переменных модели, соответствующему режиму нормальной эксплуатации СТЭ-20. | ||
| 337 | |a Adobe Reader | ||
| 461 | 1 | |0 (RuTPU)RU\TPU\book\176237 |t Известия Томского политехнического университета [Известия ТПУ] |f Томский политехнический университет (ТПУ) |d 2000- | |
| 463 | 1 | |0 (RuTPU)RU\TPU\book\191878 |t Т. 315. № 4: Энергетика |v [С. 38-42] |d 2009 |p 179 с. | |
| 610 | 1 | |a тренажеры | |
| 610 | 1 | |a фтор | |
| 610 | 1 | |a получение | |
| 610 | 1 | |a тепловые модели | |
| 610 | 1 | |a модели идеального перемешивания | |
| 610 | 1 | |a электролизеры | |
| 610 | 1 | |a труды учёных ТПУ | |
| 610 | 1 | |a электронный ресурс | |
| 701 | 1 | |a Белянин |b А. В. |c студент каф. электроники и автоматики физических установок (ЭАФУ) ФТФ, ТПУ |f 1990- |g Алексей Васильевич | |
| 701 | 1 | |a Нагайцева |b О. В. |c ассистент Томского политехнического университета |f 1981- |g Ольга Викторовна |3 (RuTPU)RU\TPU\pers\25903 |9 11754 | |
| 701 | 1 | |a Ливенцова |b Н. В. |c специалист в области автоматического управления |c доцент Томского политехнического университета, кандидат технических наук |f 1979- |g Нина Владимировна |3 (RuTPU)RU\TPU\pers\25902 |9 11753 | |
| 701 | 1 | |a Ливенцов |b С. Н. |c специалист в области автоматического управления |c профессор Томского политехнического университета, доктор технических наук |f 1955- |g Сергей Николаевич |3 (RuTPU)RU\TPU\pers\25467 |9 11406 | |
| 801 | 1 | |a RU |b 63413507 |c 20090623 |g PSBO | |
| 801 | 2 | |a RU |b 63413507 |c 20211216 |g PSBO | |
| 856 | 4 | |u http://www.lib.tpu.ru/fulltext/v/Bulletin_TPU/2009/v315/i4/08.pdf | |
| 942 | |c CF | ||